• 首页
  • 本馆介绍
  • 公告通知
  • 最新文献
  • 馆藏检索
  • 电子资源
  • 读者导购
  • 参考咨询
  • 我的图书馆
  • 登录
  • 详细信息显示
  • 放入我的书架
  • 预约/预借图书
  • 作者相关作品
  • 分类相关作品
  • 丛书相关作品
  • 出版社相关作品

书目信息

  • 表格格式
  • 工作单格式
  • 卡片格式
题名:
熊彼特经济学
    
 
作者: 熊彼特 著 ;李慧泉 , 刘霈 译
分册:  
出版信息: 北京   台海出版社  2018
页数: 595页
开本: 23cm
丛书名:
单 册:
中图分类: F091.354
科图分类:
主题词: 经济理论--Jing Ji Li Lun--研究
电子资源:
ISBN: 978-7-5168-1850-3
000 01472nam0 2200301 450
001 012001008720
005 20140102095815.0
010    @a978-7-5168-1850-3@dCNY98.00
099    @aCAL 012018200209
100    @a20181228d2018 em y0chiy50 ea
101 1  @achi@ceng
102    @aCN@b110000
105    @ay z 000yy
106    @ar
200 1  @a熊彼特经济学@AXiong Bi Te Jing Ji Xue@e全集@f(美) 熊彼特著@g李慧泉, 刘霈译
210    @a北京@c台海出版社@d2018
215    @a595页@d23cm
312    @a原文题名取自封面
314    @a熊彼特, 创新经济学家, “现代企业思想之父”。
330    @a《熊彼特经济学全集》为创新经济学大师熊彼特代表作合集, 含《经济发展理论》《资本主义、社会主义和民主》《从马克思到凯恩斯的十大经济学家》三部经典著作, 熊彼特在其作品中指明了立足于长远的创新经济发展模式。《经济发展理论》中首次提出了“破坏式创新”理论, 为世界性经济衰退开出了治标治本的“药方”; 《资本主义、社会主义和民主》进一步完善了创新理论; 从马克思到凯恩斯的十大经济学家》对影响世界经济学的十大经济学派的代表人物, 从马克思、瓦尔拉、门格尔, 到马歇尔、帕累托、庞巴维克、陶西格, 再到费雪、米切尔、凯恩斯, 对他们的经济学说进行了详尽的阐述和评价。
500 10 @aSchumpeter's economics@mChinese
606 0  @a经济理论@AJing Ji Li Lun@x研究
690    @aF091.354@v4
701  1 @a熊彼特@AXiongbite@g(Schumpeter, Joseph),@f1883-1950@4著
702  0 @a李慧泉@ALi Huiquan@4译
702  0 @a刘霈@ALiu Pei@4译
801  0 @aCN@b上海新华@c20191020
905    @b1185568-71@dF091.354@e99@f4
    
    熊彼特经济学:全集/(美) 熊彼特著/李慧泉, 刘霈译.-北京:台海出版社,2018
    595页;23cm
    
    
    ISBN 978-7-5168-1850-3:CNY98.00
    《熊彼特经济学全集》为创新经济学大师熊彼特代表作合集, 含《经济发展理论》《资本主义、社会主义和民主》《从马克思到凯恩斯的十大经济学家》三部经典著作, 熊彼特在其作品中指明了立足于长远的创新经济发展模式。《经济发展理论》中首次提出了“破坏式创新”理论, 为世界性经济衰退开出了治标治本的“药方”; 《资本主义、社会主义和民主》进一步完善了创新理论; 从马克思到凯恩斯的十大经济学家》对影响世界经济学的十大经济学派的代表人物, 从马克思、瓦尔拉、门格尔, 到马歇尔、帕累托、庞巴维克、陶西格, 再到费雪、米切尔、凯恩斯, 对他们的经济学说进行了详尽的阐述和评价。
●
相关链接 在E读中查询图书 在五车中查询图书 在当当中查询图书 在豆瓣中查询图书


正题名:熊彼特经济学     索取号:F091.354/99         预约/预借

序号 登录号 条形码 馆藏地/架位号 状态 备注
1 1185568   211855688   第一样本阅览室/ [索取号:F091.354/99] 在馆    
2 1185569   211855697   第一借阅区/ [索取号:F091.354/99] 在馆    
3 1185570   211855704   第一借阅区/ [索取号:F091.354/99] 在馆    
4 1185571   211855713   第一借阅区/ [索取号:F091.354/99] 在馆    
唐山师范学院图书馆 欢迎您!
大连网信软件有限公司© 版权所有